|
|
|
|
| LEADER |
00000cam a2200000 7i4500 |
| 001 |
0000093615 |
| 005 |
20240115101534.0 |
| 008 |
|
| 020 |
|
|
|a 9789672320456 (
|q hardback)
|
| 040 |
|
|
|e rda
|
| 041 |
|
|
|a English
|
| 090 |
0 |
0 |
|a 793.3109595
|b KHA
|
| 100 |
0 |
|
|a Noraien Mansor ,
|e (author)
|
| 245 |
1 |
0 |
|a Ulik Mayang :
|b heritage of Terengganu=Ulik Mayang :
|b Erbe Terengganus
|c Noraien Mansor
|
| 264 |
|
1 |
|a Kuala Nerus, Terengganu :
|b Universiti Malaysia Terengganu (UMT)
|c 2018
|
| 300 |
|
|
|a 46 page :
|b colour illustration ;
|c 25 cm.
|
| 336 |
|
|
|a text
|2 rdacontent
|
| 337 |
|
|
|a unmediated
|2 rdamedia
|
| 338 |
|
|
|a volume
|2 rdacarrier
|
| 541 |
|
|
|c Donation books
|
| 650 |
|
0 |
|a Folk dance music
|z Malaysia
|z Terengganu
|
| 650 |
|
0 |
|a Folk dancing
|z Malaysia
|z Terengganu
|
| 650 |
|
0 |
|a Heritage
|z Malaysia
|
| 730 |
0 |
|
|a Title
|
| 999 |
|
|
|a 0001749155
|b Book
|c Adult Collection
|e Perbadanan Perpustakaan Awam Johor
|